Dhifa /

Poems.

Saved in:
书目详细资料
主要作者: Kezilahabi, Euphrase
格式: 图书
出版: Nairobi : Vide-Muwa Publishers, c2008.
主题:
标签: 添加标签
没有标签, 成为第一个标记此记录!

MARC

LEADER 00000cam a22000007a 4500
020 |a 9789966773347  |c TZS 8,000/= 
040 |a MUL  |b eng  |e AACR 
082 |a 896.3921 KEZ 
100 1 |a Kezilahabi, Euphrase. 
245 1 0 |a Dhifa /  |c E. Kezilahabi 
260 |a Nairobi :  |b Vide-Muwa Publishers,  |c c2008. 
300 |a 60 p. ;  |c 21 cm. 
520 |a Poems. 
546 |a In Swahili. 
650 |a Swahili fiction 
942 |c BK 
999 |c 6511  |d 6511